LEADER 02630nam 2200565 a 450 001 9910453089303321 005 20200520144314.0 010 $a0-9796895-5-4 035 $a(CKB)2550000001135219 035 $a(EBL)564880 035 $a(OCoLC)781334716 035 $a(MiAaPQ)EBC564880 035 $a(Au-PeEL)EBL564880 035 $a(CaPaEBR)ebr10405201 035 $a(CaONFJC)MIL534927 035 $a(EXLCZ)992550000001135219 100 $a20080418d2009 uy 0 101 0 $aeng 135 $aur|n|---||||| 200 14$aThe articulate advocate$b[electronic resource] $enew techniques of persuasion for trial lawyers /$fBrian K. Johnson and Marsha Hunter 210 $aPrescott, Ariz. $cCrown King Books$dc2009 215 $a1 online resource (210 p.) 225 1 $aThe Articulate Life 300 $aDescription based upon print version of record. 311 $a0-9796895-0-3 311 $a1-306-03676-3 320 $aIncludes bibliographical references (p. 185-186) and index. 327 $aCover; Copyright; Contents; Introduction; Chapter One: Your Body; Chapter Two: Your Brain; Chapter Three: Your Voice ; Chapter Four: How to Practice ; Appendices; Appendix 1: Speaking Persuasively, Thinking on Your Feet ; Appendix 2: Video Self-Review Checklist ; Bibliography ; Index; About the Authors; Back Cover 330 $aUnlike other trial advocacy books that teach what to say and do in the courtroom, this reference teaches how to say and do it. Based on 25 years of experience from coaching practitioners, this handbook reveals techniques?incorporating cutting-edge discoveries in linguistics, neuroscience, and sports psychology?to help litigators look, sound, and feel natural and polished in the courtroom. Questions that lawyers face daily, such as What do I do with my hands? Aren't gestures distracting? How do I remember everything? and I tend to talk so fast?how can I slow down? are among the questions addres 410 4$aThe Articulate Life 606 $aCommunication in law 606 $aForensic oratory 606 $aTrial practice$zUnited States 606 $aPersuasion (Psychology) 608 $aElectronic books. 615 0$aCommunication in law. 615 0$aForensic oratory. 615 0$aTrial practice 615 0$aPersuasion (Psychology) 676 $a347.052 676 $a347.7375 700 $aJohnson$b Brian K$0883737 701 $aHunter$b Marsha$0883738 801 0$bMiAaPQ 801 1$bMiAaPQ 801 2$bMiAaPQ 906 $aBOOK 912 $a9910453089303321 996 $aThe articulate advocate$91973787 997 $aUNINA LEADER 00951nam0 22002651i 450 001 UON00403566 005 20231205104707.736 100 $a20120120d1962 |0itac50 ba 101 $aita 102 $aIT 105 $a|||| ||||| 200 1 $aConversazioni$fDanilo Dolci 210 $aTorino$cGiulio Einaudi editore$d1962 215 $a458 p.$d22 cm. 410 1$1001UON00300610$12001 $aSaggi$1210 $aTorino$cEinaudi$v304 606 $aPolitica economica$xStudi$3UONC034639$2FI 620 $aIT$dTorino$3UONL000014 700 1$aDolci$bDanilo$3UONV103263$032100 712 $aEinaudi$3UONV246211$4650 801 $aIT$bSOL$c20250725$gRICA 899 $aSIBA - SISTEMA BIBLIOTECARIO DI ATENEO$2UONSI 912 $aUON00403566 950 $aSIBA - SISTEMA BIBLIOTECARIO DI ATENEO$dSI B H 0043 $eSI SC 447/2 5 0043 $sBuono 996 $aConversazioni$9508315 997 $aUNIOR